Las Mil y una redes subterráneas del ejercicio del poder /

Na minha lista:
Detalhes bibliográficos
Autor principal: Rojas Rodríguez, Cristina
Formato: Texto
Assuntos:
Tags: Adicionar Tag
Sem tags, seja o primeiro a adicionar uma tag!

MARC

LEADER 00000 a a2200000 04500
001 16800
003
040
100 |a Rojas Rodríguez, Cristina  
245 |a Las Mil y una redes subterráneas del ejercicio del poder /  |c Cristina Rojas Rodríguez 
650 |a ADMINISTRACION PUBLICA  
650 |a DELITOS  
650 |a CORRUPCION  
650 |a POLITICOS  
650 |a EVASION TRIBUTARIA  
773 |g volumen 10, número 3; páginas 287-318  
999 |c 26882  |d 26882